<?xml version="1.0" encoding="UTF-8"?>
<marc:record xmlns:marc="http://www.loc.gov/MARC21/slim">
   <marc:leader>00000nam a2200000 a 4500</marc:leader>
   <marc:datafield ind1="1" ind2=" " tag="100">
      <marc:subfield code="a">Camilleri, Andrea</marc:subfield>
      <marc:subfield code="4">aut</marc:subfield>
      <marc:subfield code="e">Verfasser/-in</marc:subfield>
   </marc:datafield>
   <marc:datafield ind1=" " ind2=" " tag="653">
      <marc:subfield code="a">Krimi</marc:subfield>
   </marc:datafield>
   <marc:datafield ind1=" " ind2=" " tag="653">
      <marc:subfield code="a">Kriminalroman</marc:subfield>
   </marc:datafield>
   <marc:datafield ind1=" " ind2=" " tag="653">
      <marc:subfield code="a">Sizilien</marc:subfield>
   </marc:datafield>
   <marc:datafield ind1="0" ind2="0" tag="245">
      <marc:subfield code="a">Das Lächeln der Signorina</marc:subfield>
   </marc:datafield>
   <marc:datafield ind1=" " ind2="1" tag="264">
      <marc:subfield code="b">Lübbe</marc:subfield>
      <marc:subfield code="c">2015</marc:subfield>
   </marc:datafield>
   <marc:datafield ind1="1" ind2=" " tag="520">
      <marc:subfield code="a">Klappentext: Eine Serie von Diebstählen sorgt für Aufregung im sizilianischen Vigàta. Als Commissario Montalbano im Rahmen der Ermittlungen Bekanntschaft mit der jungen Angelica Cosulich macht, fühlt er sich schlagartig in seine Jugend zurückversetzt: Mit ihrem wallenden Blondhaar erinnert ihn die schöne Angelica an die Heldin selben Vornamens aus Ariosts Epos "Der rasende Roland", die ihm seinerzeit die Träume versüßt hat. Doch hinter dem betörenden Lächeln der Signorina verbirgt sich ein gefährliches Geheimnis...</marc:subfield>
   </marc:datafield>
   <marc:datafield ind1="3" ind2=" " tag="024">
      <marc:subfield code="a">9783785725443</marc:subfield>
   </marc:datafield>
</marc:record>
